00462nam a22001457a 4500020001800000082001500018100001900033245003500052260004500087300000800132650001500140942000700155952013700162999001700299 a9789387587069 a709.54 ELW aElwin, Verrier aThe Tribal Art of Middle India aDelhibB.R. Publishing Corporationc2018 a213 aTribal art cBK 001040708NFICaHMIbHMIcGENd2020-09-15eDasgupta Publishers, Kolkatag1500.00l0o709.54 ELWp25732r2020-09-18w2020-09-18yBK c23044d23044